000 00790nam a22002295i 4500
001 176515
003 ES-MaACL
005 20250727034612.0
008 110120s1965 sp a |||| | cat d
080 _a272:304
245 0 4 _aEls nous mossens
_b= ("los nuevos curas") : el mite-la realitat /
_cPiñol ... [et al.].
260 _aBarcelona :
_bEditorial Franciscana,
_c1965.
300 _a159 p. :
_bil. bl. y n. ;
_c19 cm.
490 1 _aCritèrion. Col·lecció Ideològica ;
_v28
504 _aBibliografía.
546 _aTexto en catalán.
650 7 _aIglesia y problemas sociales
_2embne
_913569
700 0 _aPiñol, Josep M.
_992290
830 0 _aCritèrion. Col·lecció Ideològica ;
_v28
_9190094
852 _aES-MaACL
_jE-14117
_xOlim P-735
999 _c176515
_d176515